书目信息 |
| 题名: |
烟气脱硫脱硝技术手册
|
|
| 作者: | 蒋文举 主编 | |
| 分册: | ||
| 出版信息: | 北京 化学工业出版社 2007.20 |
|
| 页数: | ||
| 开本: | 16开 | |
| 丛书名: | ||
| 单 册: | ||
| 中图分类: | X701.3-62 | |
| 科图分类: | ||
| 主题词: | 废物 , 废物处理 , 废物综合利用 | |
| 电子资源: | ||
| ISBN: | 978-7-5025-9678-1 | |
| 000 | 00599nam0 2200205 450 | |
| 001 | 0736196517 | |
| 005 | 20070924100316.51 | |
| 010 | @a978-7-5025-9678-1@d¥98.00 | |
| 100 | @a20070924d km y0chiy0120 ea | |
| 101 | 0 | @achi |
| 200 | 1 | @a烟气脱硫脱硝技术手册@Ayan qi tuo liu tuo xiao ji shu shou ce@f蒋文举 主编@Fjiang wen ju zhu bian |
| 210 | @a北京@c化学工业出版社@d2007.20 | |
| 215 | @d16开 | |
| 606 | 0 | @a废物 |
| 606 | 0 | @a废物处理 |
| 606 | 0 | @a废物综合利用 |
| 690 | @aX701.3-62@v3 | |
| 701 | 0 | @a蒋文举@Ajiang wen ju@4主编 |
| 801 | 0 | @aCN@bPFT@c20070924 |
| 905 | @a213230@dX701.3-62@eZY70@f1 | |
| 烟气脱硫脱硝技术手册/蒋文举 主编.-北京:化学工业出版社,2007.20 |
| 16开 |
| ISBN 978-7-5025-9678-1:¥98.00 |
| ● |
| 相关链接 |
|
|
|
|
正题名:烟气脱硫脱硝技术手册
索取号:X701.3-62/ZY70
 
预约/预借
| 序号 | 登录号 | 条形码 | 馆藏地/架位号 | 状态 | 备注 |
| 1 | 7901711 | 279017118 | 密集书库-资源管理系/ [索取号:X701.3-62/ZY70] | 在馆 |